Slay the Spire - All the Watcher Cards - Statistics

General Stats
  • This quiz has been taken 59 times
  • The average score is 38 of 86
Answer Stats
Card Type Rarity Answer % Correct
Skill (Starter) Common Defend
94%
Attack (Starter) Common Strike
94%
Attack (Starter) Common Eruption
81%
Attack Uncommon Tantrum
78%
Skill Common Miracle
72%
Skill Rare Blasphemy
69%
Skill Rare Vault
69%
Skill Rare Wish
69%
Skill Uncommon Pray
66%
Power Uncommon Rushdown
66%
Skill (Starter) Common Vigilance
66%
Skill Common Prostrate
63%
Attack Common Through Violence
63%
Power Rare Deva Form
59%
Power Uncommon Like Water
59%
Attack Uncommon Reach Heaven
59%
Attack Common Empty Fist
56%
Skill Uncommon Empty Mind
56%
Skill Uncommon Meditate
56%
Attack Common Smite
56%
Skill Rare Alpha
53%
Attack Common Cut Through Fate
53%
Skill Common Empty Body
53%
Power Uncommon Mental Fortress
53%
Skill Rare Omniscience
53%
Skill Rare Scrawl
53%
Attack Common Expunger
50%
Attack Common Just Lucky
50%
Skill Common Pressure Points
50%
Skill Uncommon Worship
50%
Skill Common Beta
47%
Skill Common Crescendo
47%
Attack Common Flurry of Blows
47%
Attack Common Follow-Up
47%
Power Common Omega
47%
Skill Common Protect
47%
Power Rare Establishment
44%
Attack Uncommon Fear No Evil
44%
Attack Rare Ragnarok
44%
Skill Common Safety
44%
Attack Uncommon Wallop
44%
Skill Rare Conjure Blade
41%
Power Uncommon Fasting
41%
Skill Common Insight
41%
Attack Uncommon Sands of Time
41%
Attack Uncommon Talk to the Hand
41%
Skill Common Tranquility
41%
Attack Uncommon Wheel Kick
41%
Power Uncommon Battle Hymn
38%
Attack Common Bowling Bash
38%
Attack Rare Brilliance
38%
Attack Uncommon Carve Reality
38%
Attack Uncommon Conclude
38%
Skill Rare Deus Ex Machina
38%
Attack Common Flying Sleeves
38%
Attack Rare Lesson Learned
38%
Power Rare Master Reality
38%
Power Uncommon Study
38%
Skill Common Third Eye
38%
Attack Common Crush Joints
34%
Skill Uncommon Inner Peace
34%
Power Common Live Forever
34%
Attack Common Consecrate
31%
Skill Uncommon Deceive Reality
31%
Skill Common Fame and Fortune
31%
Skill Uncommon Foreign Influence
31%
Skill Common Halt
31%
Power Common Become Almighty
28%
Skill Uncommon Collect
28%
Skill Common Evaluate
28%
Power Uncommon NIrvana
28%
Skill Uncommon Simmering Fury
28%
Attack Uncommon Windmill Strike
28%
Power Uncommon Foresight
25%
Skill Rare Judgment
25%
Skill Uncommon Swivel
25%
Attack Uncommon Weave
25%
Power Rare Devotion
22%
Skill Uncommon Perseverance
22%
Attack Common Sash Whip
22%
Skill Uncommon Indignation
19%
Attack Uncommon Signature Move
19%
Skill Rare Spirit Shield
19%
Skill Uncommon Wave of the Hand
19%
Skill Uncommon Wreath of Flame
19%
Skill Uncommon Sanctity
16%
No matching quizzes found
Score Distribution
Percent of People with Each Score
Percentile by Number Answered
Your Score History
You have not taken this quiz